Normal view
MARC view
- Will Durant
Entry Personal Name
001 - CONTROL NUMBER
- control field: 25390
003 - CONTROL NUMBER IDENTIFIER
- control field: NUST
005 - DATE AND TIME OF LATEST TRANSACTION
- control field: 20191107151513.0
008 - FIXED-LENGTH DATA ELEMENTS
- fixed length control field: 191107|| aca||aabn | a|a d
040 ## - CATALOGING SOURCE
- Original cataloging agency: NUST
- Transcribing agency: NUST
100 ## - HEADING--PERSONAL NAME
- Personal name: Will Durant
670 ## - SOURCE DATA FOUND
- Source citation: Work cat.: (NUST): Will Durant, Dastan e Falsafa, c2012
